000 02296cab a2200253 4500
001 ABS68761
008 050215n2005 000 0 eng u
035 _a(Sirsi) u128808
245 4 _aThe Bluestone holiday complex judgment: its implications for national parks and local plans
260 _c2005
490 _aPlanning (for the Natural and Built Environment)
_v(1605) 4 February 2005, 18(1)
490 _aGreen Places
_v(12) February 2005, 16-17(2)
520 _aPembrokeshire Coast National Park Authority's controversial decision to grant planning permission for the Bluestone holiday village near Narberth was upheld by the HC in late December 2004 ([2004] EWHC 2907 (Admin), Abs68760). In "Park ruling sets precedent" Mark Harnett analyses this judgment, which allows the first major development of its kind in a national park, sets a dangerous precedent and seriously undermines the protection of national parks. The main thrust of the legal challenge brought by the Council of National Parks (CNP) against the authority's decision was that it had failed to comply with the Town and Country Planning Act 1990 s54A (now enshrined in the Planning and Compulsory Planning Act 2004 s38(6)). The park authority's local plan stipulated that major development would only be permitted in exceptional circumstances where public interest is served and where there is an overriding national need. The judge ruled that the local economic case remained a valid consideration, which could as such form the basis for approval of the scheme. Concludes that this case is of general importance as it calls into question the authority of the wording of development plan policies. The CNP is seeking permission to challenge the decision in the CA. The "Green Places" article showcases contrasting viewpoints on the case from a CNP representative, a tourism expert and Bluestone the developer.
590 _aABS
650 _aHOLIDAY VILLAGES
650 _aPLANNING PERMISSION
650 _aCOUNCIL FOR NATIONAL PARKS LTD V PEMBROKE COAST NATIONAL PARK AUTHORITY AND OTHERS
650 _aTOWN AND COUNTRY PLANNING ACT 1990 S54(A)
650 _aPLANNING AND COMPULSORY PURCHASE ACT 2004 S38(6)
650 _aLEISURE AND RECREATION
690 _aPLANNING
700 _aHarnet, M.
942 _n0
999 _c74801
_d74801